[Event "CP-2010-P-00020"]
[Site "LSS email"]
[Date "2010.09.28"]
[Round "?"]
[White "Degterev, Pavel"]
[Black "Cortes, Jose"]
[Result "1-0"]
[WhiteElo "2276"]
[BlackElo "966"]
[PlyCount "47"]
[EventDate "2010.10.01"]
[EventType "tourn (corr)"]
[EventRounds "6"]
[EventCountry "GER"]
[SourceTitle "Telechess CBM 143"]
[Source "ChessBase"]
[SourceDate "2011.07.15"]
[SourceVersion "1"]
[SourceVersionDate "2011.07.15"]
[SourceQuality "1"]

1. b4 e5 2. Bb2 d6 3. c4 b6 4. Nf3 Nf6 5. g3 Bb7 6. Bg2 Nbd7 7. 0-0 Be7 8. Qc2 h6 9. Rd1 c5 10. bxc5 Nxc5 11. d4 Ncd7 12. dxe5 Bxf3 13. exf6 Bxg2 14. fxg7 Rg8 15. Kxg2 Nf6 16. Bxf6 Bxf6 17. Qe4+ Kd7 18. Nc3 Bxg7 19. Rxd6+ Kxd6 20. Rd1+ Kc7 21. Nb5+ Kb8 22. Rxd8+ Rxd8 23. Qe7 Rc8 24. Nd6 1-0

[Event "ZN-2010-0-01157"]
[Site "LSS email"]
[Date "2010.09.15"]
[Round "?"]
[White "Tobey, Al E"]
[Black "Cortes, Jose"]
[Result "0-1"]
[WhiteElo "673"]
[BlackElo "981"]
[PlyCount "46"]
[EventDate "2010.09.08"]
[EventType "match (corr)"]
[EventRounds "2"]
[EventCountry "GER"]
[SourceTitle "Telechess CBM 143"]
[Source "ChessBase"]
[SourceDate "2011.07.15"]
[SourceVersion "1"]
[SourceVersionDate "2011.07.15"]
[SourceQuality "1"]

1. e4 e5 2. Nf3 Nf6 3. Nc3 Bb4 4. Nxe5 Bxc3 5. dxc3 Nxe4 6. Bd3 Qe7 7. Bxe4 Qxe5 8. 0-0 0-0 9. Re1 Qf6 10. Qd3 Kh8 11. Be3 Nc6 12. Bf3 d6 13. Bxc6 bxc6 14. Bd4 Qg6 15. Re7 Bf5 16. Qe2 c5 17. Be3 Rac8 18. Qf3 Rfe8 19. Rxe8+ Rxe8 20. Qc6 Rc8 21. Qb7 Qg4 22. Qxa7 Be4 23. g3 Qh3 0-1

[Event "ZL-2010-0-00714"]
[Site "LSS email"]
[Date "2010.05.17"]
[Round "?"]
[White "Cortes, Jose"]
[Black "Laureles, Raymundo"]
[Result "1-0"]
[WhiteElo "960"]
[BlackElo "1235"]
[PlyCount "71"]
[EventDate "2010.05.10"]
[EventType "match (corr)"]
[EventRounds "2"]
[EventCountry "GER"]
[SourceTitle "Telechess CBM 147"]
[Source "ChessBase"]
[SourceDate "2012.03.16"]
[SourceVersion "1"]
[SourceVersionDate "2012.03.16"]
[SourceQuality "1"]

1. e4 c6 2. d4 d5 3. e5 Bf5 4. Nf3 e6 5. c3 c5 6. Bb5+ Nc6 7. 0-0 Nge7 8. Bg5 h6 9. Bh4 g5 10. Bg3 a6 11. Ba4 b5 12. Bc2 Bxc2 13. Qxc2 Rc8 14. dxc5 Nf5 15. b4 h5 16. h3 g4 17. Nh2 gxh3 18. Nd2 hxg2 19. Kxg2 Nxg3 20. fxg3 Nxe5 21. Nhf3 Ng4 22. Qd3 Bg7 23. Nb3 Ne5 24. Nxe5 Bxe5 25. Qf3 f5 26. Rae1 Qf6 27. Re3 Kd7 28. Rfe1 Bb8 29. Rxe6 Qxe6 30. Rxe6 Kxe6 31. Nd4+ Ke7 32. Nxf5+ Ke8 33. Qe3+ Kf7 34. Qe7+ Kg6 35. Nh4+ Kh6 36. Qf6+ 1-0

[Event "ZL-2010-0-00713"]
[Site "LSS email"]
[Date "2010.05.16"]
[Round "?"]
[White "Cortes, Jose"]
[Black "Raines, David T"]
[Result "0-1"]
[WhiteElo "1100"]
[BlackElo "1028"]
[PlyCount "68"]
[EventDate "2010.05.08"]
[EventType "match (corr)"]
[EventRounds "2"]
[EventCountry "GER"]
[SourceTitle "Telechess CBM 141"]
[Source "ChessBase"]
[SourceDate "2011.03.17"]
[SourceVersion "1"]
[SourceVersionDate "2011.03.17"]
[SourceQuality "1"]

1. e4 e5 2. Nf3 d6 3. d4 exd4 4. Nxd4 Nf6 5. Bg5 Be7 6. Bd3 0-0 7. Nc3 c5 8. Nf3 Nc6 9. 0-0 Bg4 10. h3 Bh5 11. Rb1 a6 12. a3 b5 13. Bxf6 Bxf6 14. Nd5 Be5 15. c3 Ne7 16. Qc2 Bxf3 17. gxf3 Ng6 18. f4 Bxf4 19. Nxf4 Nxf4 20. f3 Nxh3+ 21. Kh1 f5 22. Qh2 Rf6 23. Qxh3 Rh6 24. Qxh6 gxh6 25. Rg1+ Kf7 26. exf5 Qh4+ 27. Kg2 Rg8+ 28. Kf1 Qh3+ 29. Kf2 Qh2+ 30. Ke3 Rxg1 31. c4 Rxb1 32. Bxb1 bxc4 33. Ke4 Qxb2 34. Bd3 Qd4# 0-1

[Event "ZL-2010-0-00713"]
[Site "LSS email"]
[Date "2010.05.16"]
[Round "?"]
[White "Raines, David T"]
[Black "Cortes, Jose"]
[Result "0-1"]
[WhiteElo "1020"]
[BlackElo "1100"]
[PlyCount "84"]
[EventDate "2010.05.08"]
[EventType "match (corr)"]
[EventRounds "2"]
[EventCountry "GER"]
[SourceTitle "Telechess CBM 141"]
[Source "ChessBase"]
[SourceDate "2011.03.17"]
[SourceVersion "1"]
[SourceVersionDate "2011.03.17"]
[SourceQuality "1"]

1. d4 Nf6 2. Nf3 e6 3. c4 Nc6 4. g3 b6 5. Bg2 Bb7 6. 0-0 Be7 7. Nc3 0-0 8. e4 d6 9. e5 dxe5 10. dxe5 Nd7 11. Re1 Nb4 12. a3 Nc6 13. Qe2 a6 14. h4 h6 15. Bf4 Bc5 16. Rad1 Qc8 17. Qd2 Rd8 18. Bxh6 gxh6 19. Qxh6 Bf8 20. Qh5 Bg7 21. Qg5 f6 22. exf6 Nxf6 23. h5 Rxd1 24. Rxd1 Nh7 25. Qg4 Kh8 26. Nh4 Ne5 27. Ng6+ Nxg6 28. Bxb7 Qxb7 29. Qxg6 Nf8 30. Qg4 c5 31. Qh4 Qf3 32. Qh1 Qxh1+ 33. Kxh1 Bd4 34. Kg2 Nh7 35. g4 Rf8 36. f3 Ng5 37. Rd3 e5 38. b3 Ne6 39. Ne2 Nf4+ 40. Nxf4 exf4 41. Kf1 Re8 42. Kg2 Kh7 0-1

[Event "LSS OP-2009-0-00966"]
[Site "LSS email"]
[Date "2009.10.13"]
[Round "?"]
[White "Cortes, Jose"]
[Black "Khramkov, Alexey Gennadievic"]
[Result "1/2-1/2"]
[WhiteElo "1100"]
[BlackElo "1013"]
[PlyCount "136"]
[EventDate "2009.10.08"]
[EventType "tourn (corr)"]
[EventRounds "4"]
[EventCountry "GER"]
[SourceTitle "Corr 2013"]
[Source "ChessBase"]
[SourceDate "2012.11.12"]
[SourceVersion "1"]
[SourceVersionDate "2012.11.12"]
[SourceQuality "1"]

1. e4 e5 2. Nf3 Nf6 3. Nxe5 d6 4. Nf3 Nxe4 5. Qe2 Qe7 6. d3 Nf6 7. Bg5 Qxe2+ 8. Bxe2 Be7 9. 0-0 Nc6 10. Re1 0-0 11. Nc3 a6 12. a3 Bd7 13. d4 b5 14. Bd3 Rfe8 15. h4 Na5 16. Bxf6 Bxf6 17. Nd5 c6 18. Nc7 Rxe1+ 19. Rxe1 Ra7 20. Ne8 Nb7 21. Nxf6+ gxf6 22. Nd2 Be6 23. Ne4 Kg7 24. Re3 f5 25. Rg3+ Kf8 26. Nf6 h6 27. Rg8+ Ke7 28. Nh5 Na5 29. b3 c5 30. dxc5 dxc5 31. Nf4 Kf6 32. Nh5+ Ke7 33. Rh8 c4 34. bxc4 bxc4 35. Be2 Rd7 36. Rxh6 Rd2 37. Nf4 Rxc2 38. Bf3 Rc1+ 39. Kh2 c3 40. Nxe6 fxe6 41. Rh7+ Kd6 42. Ra7 c2 43. Rxa6+ Kd7 44. Ra7+ Kd6 45. Ra6+ Ke7 46. Ra7+ Kf6 47. Rc7 Nb3 48. Be2 Nd4 49. Bd3 Ra1 50. Bxc2 Rxa3 51. Bd1 e5 52. g3 e4 53. Bh5 Nf3+ 54. Bxf3 Rxf3 55. Kg2 Rb3 56. Rc6+ Kf7 57. h5 e3 58. fxe3 Rxe3 59. Rc7+ Kf6 60. h6 Re8 61. h7 Re2+ 62. Kf3 Rh2 63. Rb7 Kg6 64. Kf4 Rf2+ 65. Ke3 Rh2 66. Kf4 Rf2+ 67. Ke5 Re2+ 68. Kf4 Rf2+ 1/2-1/2

[Event "IECC CL7-2001.13"]
[Site "IECC email"]
[Date "2001.05.14"]
[Round "?"]
[White "Jaskulski, Adam"]
[Black "Cortes, Jose"]
[Result "1-0"]
[WhiteElo "1139"]
[BlackElo "1046"]
[PlyCount "49"]
[EventDate "2001.??.??"]
[EventType "tourn (corr)"]
[EventRounds "4"]
[SourceTitle "Corr 2008"]
[Source "ChessBase"]
[SourceDate "2008.06.24"]
[SourceVersion "1"]
[SourceVersionDate "2008.06.24"]
[SourceQuality "1"]

1. e4 e5 2. Nf3 Nc6 3. Bc4 Nf6 4. d3 h6 5. 0-0 d6 6. Nc3 Bg4 7. Be3 Be7 8. h3 Be6 9. Bxe6 fxe6 10. d4 exd4 11. Nxd4 Nxd4 12. Qxd4 e5 13. Qc4 c6 14. f4 Qc7 15. fxe5 dxe5 16. Rad1 a6 17. Qe6 Rd8 18. Rxd8+ Qxd8 19. Rd1 Qc7 20. Na4 Nd7 21. Qg6+ Kf8 22. Nb6 Nxb6 23. Rf1+ Kg8 24. Qf7+ Kh7 25. Rf6 1-0

[Event "IECC CL7-2000.58"]
[Site "IECC email"]
[Date "2000.12.18"]
[Round "?"]
[White "Robertson, John"]
[Black "Cortes, Jose"]
[Result "1-0"]
[WhiteElo "1094"]
[BlackElo "1110"]
[PlyCount "59"]
[EventDate "2000.??.??"]
[EventType "tourn (corr)"]
[EventRounds "4"]
[SourceTitle "Corr 2008"]
[Source "ChessBase"]
[SourceDate "2008.06.24"]
[SourceVersion "1"]
[SourceVersionDate "2008.06.24"]
[SourceQuality "1"]

1. Nf3 d5 2. d4 Nf6 3. e3 Bg4 4. h3 Bf5 5. Bd3 Bg6 6. b3 Nc6 7. Nc3 e6 8. 0-0 Bd6 9. Nb5 e5 10. Nxd6+ cxd6 11. Bxg6 hxg6 12. Ba3 Qd7 13. c4 0-0 14. dxe5 Ne8 15. exd6 dxc4 16. bxc4 b6 17. Qc2 Nxd6 18. Rad1 Qf5 19. Qxf5 Nxf5 20. Bxf8 Rxf8 21. Rd7 Re8 22. g4 Nfe7 23. Rfd1 Nc8 24. g5 Kf8 25. Nd4 Nxd4 26. R1xd4 a6 27. Rb7 Re7 28. Rd8+ Re8 29. Rxe8+ Kxe8 30. Rc7 1-0

[Event "IECC M email"]
[Site "IECC email"]
[Date "2000.12.13"]
[Round "?"]
[White "Mottershead, Richard"]
[Black "Cortes, Jose"]
[Result "1-0"]
[WhiteElo "1163"]
[BlackElo "1068"]
[PlyCount "39"]
[EventDate "2000.??.??"]
[EventType "tourn (corr)"]
[EventRounds "2"]
[SourceTitle "Corr 2008"]
[Source "ChessBase"]
[SourceDate "2008.06.24"]
[SourceVersion "1"]
[SourceVersionDate "2008.06.24"]
[SourceQuality "1"]

1. c4 e5 2. e4 Nf6 3. Nc3 Nc6 4. Nf3 d6 5. d4 Bg4 6. Be3 g6 7. Be2 Bg7 8. 0-0 0-0 9. a3 Re8 10. b4 exd4 11. Nxd4 Bxe2 12. Qxe2 Nxe4 13. Qd3 Nxc3 14. Qxc3 Qh4 15. Rad1 Re4 16. Nf3 Bxc3 17. Nxh4 Rxh4 18. Kh1 Be5 19. g3 Rxc4 20. f4 1-0

[Event "IECC KO email"]
[Site "IECC email"]
[Date "1999.12.02"]
[Round "?"]
[White "Bucur, Sorin"]
[Black "Cortes, Jose"]
[Result "1-0"]
[WhiteElo "1109"]
[BlackElo "1079"]
[PlyCount "67"]
[EventDate "1999.??.??"]
[EventType "tourn (corr)"]
[EventRounds "6"]
[SourceTitle "Corr 2008"]
[Source "ChessBase"]
[SourceDate "2008.06.24"]
[SourceVersion "1"]
[SourceVersionDate "2008.06.24"]
[SourceQuality "1"]

1. d4 Nf6 2. c4 e6 3. Nc3 Bb4 4. Qc2 b6 5. e4 Bb7 6. Bd3 Bxc3+ 7. bxc3 d6 8. Nf3 c5 9. 0-0 0-0 10. e5 Bxf3 11. exf6 Qxf6 12. gxf3 Qxf3 13. Bxh7+ Kh8 14. Qe4 Qf6 15. Qxa8 Kxh7 16. Re1 Qe7 17. Bf4 g5 18. Bg3 f5 19. Qd5 Rf6 20. Qxd6 Qxd6 21. Bxd6 Nd7 22. d5 Nf8 23. Bxf8 Rxf8 24. Rxe6 g4 25. Re7+ Kg6 26. Rxa7 f4 27. Rb1 f3 28. Rxb6+ Kf5 29. d6 Re8 30. Re7 Ra8 31. d7 Rxa2 32. Rf6+ Kxf6 33. d8Q Ra1+ 34. Re1+ 1-0

[Event "IECC Y2KO email"]
[Site "IECC email"]
[Date "1999.10.14"]
[Round "?"]
[White "Delaire, Eric"]
[Black "Cortes, Jose"]
[Result "1-0"]
[WhiteElo "1787"]
[BlackElo "1070"]
[PlyCount "65"]
[EventDate "1999.??.??"]
[EventType "tourn (corr)"]
[EventRounds "2"]
[SourceTitle "Corr 2008"]
[Source "ChessBase"]
[SourceDate "2008.06.24"]
[SourceVersion "1"]
[SourceVersionDate "2008.06.24"]
[SourceQuality "1"]

1. e4 e5 2. Nf3 Nc6 3. Bb5 a6 4. Ba4 Nf6 5. 0-0 Be7 6. Re1 b5 7. Bb3 d6 8. c3 0-0 9. h3 Na5 10. Bc2 c5 11. d4 Qb6 12. dxe5 dxe5 13. Nxe5 Bd6 14. Nf3 Nc4 15. e5 Nxe5 16. Nxe5 c4 17. Bg5 Bc7 18. Qd4 Qe6 19. Bxf6 Qxf6 20. Qe4 Bf5 21. Qxf5 Qxf5 22. Bxf5 Bxe5 23. Rxe5 g6 24. Bc2 Rab8 25. Nd2 f6 26. Re6 Rbd8 27. Nf3 a5 28. Rb6 Rd5 29. Be4 Rc5 30. Rd1 b4 31. Rd7 Rcc8 32. Bd5+ Kh8 33. Rbb7 1-0

[Event "IECC CL7-1999.39"]
[Site "IECC email"]
[Date "1999.09.25"]
[Round "?"]
[White "Cortes, Jose"]
[Black "Chadek, Burnell"]
[Result "1/2-1/2"]
[WhiteElo "1052"]
[BlackElo "1079"]
[PlyCount "59"]
[EventDate "1999.??.??"]
[EventType "tourn (corr)"]
[EventRounds "4"]
[SourceTitle "Corr 2008"]
[Source "ChessBase"]
[SourceDate "2008.06.24"]
[SourceVersion "1"]
[SourceVersionDate "2008.06.24"]
[SourceQuality "1"]

1. e4 c5 2. Nf3 e6 3. d4 cxd4 4. Nxd4 a6 5. a3 Nf6 6. Nc3 Qc7 7. Bd3 d6 8. Be3 Nbd7 9. 0-0 b6 10. Nf3 Bb7 11. Bf4 Be7 12. Re1 0-0 13. Qe2 b5 14. Bxd6 Bxd6 15. e5 Bxf3 16. Qxf3 Bxe5 17. Ne4 Bxh2+ 18. Kh1 Be5 19. c3 Nxe4 20. Bxe4 Rac8 21. Re3 Rfd8 22. Qe2 Bf4 23. Rh3 f5 24. g3 Bh6 25. Bc2 Qc4 26. Bd3 Qd5+ 27. Kh2 Ne5 28. Rh5 Nf3+ 29. Kh3 Bd2 30. Be4 1/2-1/2

[Event "IECC CL7-1999.39"]
[Site "IECC email"]
[Date "1999.09.25"]
[Round "?"]
[White "Cravens, Earl"]
[Black "Cortes, Jose"]
[Result "0-1"]
[WhiteElo "1176"]
[BlackElo "1100"]
[PlyCount "36"]
[EventDate "1999.??.??"]
[EventType "tourn (corr)"]
[EventRounds "4"]
[SourceTitle "Corr 2008"]
[Source "ChessBase"]
[SourceDate "2008.06.24"]
[SourceVersion "1"]
[SourceVersionDate "2008.06.24"]
[SourceQuality "1"]

1. e4 c5 2. Nc3 Nc6 3. Nf3 d6 4. Bb5 Bd7 5. a3 a6 6. Bc4 Nf6 7. d3 e6 8. Be3 Be7 9. d4 Qc7 10. h3 d5 11. exd5 Na5 12. dxe6 fxe6 13. Ba2 b6 14. Qd3 c4 15. Qe4 Nxe4 16. Nxe4 Bc6 17. Nc3 0-0 18. 0-0 Bxf3 0-1

[Event "IECC M email"]
[Site "IECC email"]
[Date "1999.09.22"]
[Round "?"]
[White "Cortes, Jose"]
[Black "Copin, Jean Christophe"]
[Result "1/2-1/2"]
[WhiteElo "1070"]
[BlackElo "1006"]
[PlyCount "108"]
[EventDate "1999.??.??"]
[EventType "tourn (corr)"]
[EventRounds "6"]
[SourceTitle "Corr 2008"]
[Source "ChessBase"]
[SourceDate "2008.06.24"]
[SourceVersion "1"]
[SourceVersionDate "2008.06.24"]
[SourceQuality "1"]

1. e4 e5 2. Nf3 Nc6 3. Bb5 Nf6 4. 0-0 Bc5 5. Nxe5 Nxe5 6. d4 Nxe4 7. dxc5 0-0 8. Qd4 Nf3+ 9. gxf3 Nf6 10. Nc3 c6 11. Bd3 b6 12. b4 a5 13. b5 bxc5 14. Qxc5 d5 15. bxc6 Re8 16. Bb2 Bh3 17. Bb5 Nd7 18. Qd6 Ne5 19. Qxd8 Rexd8 20. Rfe1 Rd6 21. Ne2 Nxc6 22. Bxc6 Rg6+ 23. Ng3 Rxc6 24. Rac1 g6 25. Kh1 Re6 26. Rg1 Kf8 27. c4 dxc4 28. Rxc4 Rb6 29. Ba3+ Ke8 30. Re1+ Re6 31. Rxe6+ Bxe6 32. Re4 Rb8 33. h4 Kd7 34. Rd4+ Kc6 35. Rd2 Bd5 36. Ne4 f5 37. Bd6 Rb1+ 38. Kg2 fxe4 39. fxe4 Bxe4+ 40. f3 Bd5 41. Ba3 Ra1 42. Rc2+ Kd7 43. Rd2 Rxa2 44. Rxa2 Bxa2 45. Kf2 Ke6 46. Kg3 Kf5 47. f4 g5 48. hxg5 Bf7 49. Bb2 a4 50. Bg7 a3 51. Be5 Ke4 52. Ba1 a2 53. Kg4 Be6+ 54. Kg3 Kd3 1/2-1/2